Song Titles: Fill In The Missing Word - Musical Instruments - Statistics

General Stats
  • This quiz has been taken 59 times
  • The average score is 10 of 20
Answer Stats
Artist Song Title % Correct
Anita Ward Ring My {Bell}
96%
Barry Manilow Bermuda {Triangle}
84%
Stone Roses She Bangs The {Drum}s
80%
Bob Dylan/Byrds Mr {Tambourine} Man
78%
Snow White (Film Soundtrack) {Whistle} While You Work
76%
T.Rex Bang A {Gong} (Get It On)
72%
Eric Weissberg & Steve Mandell Dueling {Banjos}
62%
The Music Man (Musical) Seventy-Six {Trombones}
54%
Radiohead Anyone Can Play {Guitar}
50%
Andrews Sisters Boogie Woogie {Bugle} Boy
50%
Paul McCartney {Pipes} Of Peace
50%
Diana Ross My Old {Piano}
44%
Danny Kaye Tubby The {Tuba}
40%
Boots Randolph Yakety {Sax}
40%
KC and the Sunshine Band Sound Your Funky {Horn}
34%
Donovan {Hurdy}-{Gurdy} Man
30%
Johnny Cash Daddy Sang {Bass}
24%
George Formby With My Little {Ukelele} In My Hand
20%
Black Lace Do The {Conga}
12%
Clive Dunn I Play The {Spoons}
10%
No matching quizzes found
Score Distribution
Percent of People with Each Score
Percentile by Number Answered
Your Score History
You have not taken this quiz